GTA RPZ (Zevent 2021) - Statistiques

Statistiques générales
  • Ce quiz a été pris 527 fois
  • Le résultat moyen est 16 sur 27
Statistiques - réponses
Question Réponse % Correct
Qui applaudit le personnel soignant tous les soirs à 20h ? Donatien de Montazac
88%
Qui est le Maire de Los Santos ? Le Iench
86%
Quel est le nom de scène de Roy Mark ? Coma La D
80%
Qui va jusqu'à enlever quelqu'un pour obtenir un numéro qui était déjà dans son téléphone ? Dr Cox
73%
Quelle entreprise est dirigée par Papa Johnny ? Monnay & Santé
73%
Quels personnages ne sont pas frères et / ou sœurs ? Antoine & Daniel
70%
Quel est le nom officiel de Miguel ? Charles Collins
70%
Quel est le numéro de téléphone de Donatien de Montazac ? 555-3944
64%
Qui demande régulièrement à ses subalternes si ils sont "cons ou quoi ???" ? Le Capitaine Bill Boid
64%
Qui a vu les 414 épisodes de NCIS ? Lindsay Walker
64%
Fabien Torez porte son caleçon depuis combien de temps ? 25 ans
63%
Qui se jette d'un avion qui n'a pas encore décollé ? Antoine Croute
63%
Qui a rentré Donatien de Montazac au nom de "Pofcon" dans son portable ? Capitaine Bill Boid
63%
Qui applaudit les Vagos tous les soirs à 20h ? Donatello de Montafiac
63%
Avant "Montazac & Torez", la pancarte du domaine affichait quels noms ? Castello Don Telo
61%
Qui applaudit l’Église tous les soir à 20h ? Dalmatien de Montesquieu
55%
Qui applaudit la fonction journalistique tous les soirs à 20h ? Donation de Contre-Attaque
55%
Qui a tué Earl Bailey ? Kenneth
55%
Qui inflige plus de 4 milliards de dettes à son entreprise en s'accordant un salaire beaucoup trop élevé ? Les Pagnolesse
55%
Qui a finit avec le plus gros répertoire téléphonique ? Miguel
55%
Qui applaudit la police tous les soir à 20h ? Daltonien de Monbouillac
54%
Qui a repeint la voiture de patrouille du LSPD en rose ? Jean Neymard
46%
A qui appartient Belzébuth, le puma coincé dans les murs de l’hôpital ? Kim Dwight
45%
Quelle chanson est chantée par la moitié de la ville, ivre, devant le Domaine ? Wonderwall
45%
Qui est surnommé "Fast & Furious" ? Haylie James
39%
A quel grade de police termine Michael Rixxy, l'A-ME-RI-CAIN ? Cadet
34%
A eux deux, combien de comas ont fait Antoine & Daniel Croute en tout ? 75
23%
Aucun quiz correspondant
Distribution des résultats
% des personnes avec chaque résultat
Percentile par nombre de réponses
Votre historique - résultats
Vous n’avez pas pris ce quiz